Use your eyes! : A book for boys and girls who like drawing and painting (Record no. 1372235)

MARC details
000 -LEADER
fixed length control field 00536nam a2200181Ia 4500
005 - DATE AND TIME OF LATEST TRANSACTION
control field 20250508161806.0
008 - FIXED-LENGTH DATA ELEMENTS--GENERAL INFORMATION
fixed length control field 008 250505s9999 xx 000 0 eng d
037 ## - SOURCE OF ACQUISITION
Stock number Textual
040 ## - CATALOGING SOURCE
Original cataloging agency FEDL
Language of cataloging eng
Transcribing agency FEDL
041 ## - LANGUAGE CODE
Language code of text/sound track or separate title eng
Source of code eng
084 ## - COLON CLASSIFICATION NUMBER
Classification number 741, WIL
Assigning agency FEDL
100 ## - MAIN ENTRY--PERSONAL NAME
Personal name Williams Guy R
9 (RLIN) 760395
245 #0 - TITLE STATEMENT
Title Use your eyes! : A book for boys and girls who like drawing and painting
260 ## - PUBLICATION, DISTRIBUTION, ETC.
Place of publication, distribution, etc. London, UK
Name of publisher, distributor, etc. Chapman and Hall Ltd.
Date of publication, distribution, etc. 1957
300 ## - PHYSICAL DESCRIPTION
Extent 114p.
942 ## - ADDED ENTRY ELEMENTS (KOHA)
Koha item type Textual
Classification part 741, WIL
Holdings
Withdrawn status Lost status Damaged status Not for loan Home library Current library Date acquired Total Checkouts Full call number Barcode Date last seen Price effective from Koha item type
        Department of Education Library Department of Education Library 2025-05-08   741, WIL EL0061972 2025-05-08 2025-05-08 Textual
Copyright @ Delhi University Library System